000 00313nam a2200133Ia 4500
003 OSt
005 20231031061831.0
008 170523s9999 xx 000 0 und d
040 _cIIMT UNIVERSITY
100 _aMeriam J L
245 0 _aEngineering Mechanics Statistics
260 _aWiley India
942 _2ddc
_c02
999 _c12010
_d12010